Complete the Card - WWE SummerSlam 2011 - Statistics

General Stats
  • This quiz has been taken 363 times
  • The average score is 13 of 16
Answer Stats
Answer % Correct
John Cena
99%
CM Punk
98%
Alberto Del Rio
96%
Randy Orton
96%
Christian
88%
The Miz
87%
Sheamus
83%
Daniel Bryan
79%
Beth Phoenix
76%
Mark Henry
75%
R-Truth
75%
Rey Mysterio
74%
Kofi Kingston
73%
Wade Barrett
70%
John Morrison
66%
Kelly Kelly
66%
No matching quizzes found
Score Distribution
Percent of People with Each Score
Percentile by Number Answered
Your Score History
You have not taken this quiz